| 000 | 01092nac a22003377a 4500 | ||
|---|---|---|---|
| 001 | BR7704441 | ||
| 003 | BR-BrBNA | ||
| 005 | 20240105114126.0 | ||
| 008 | 230509b bl.|||m| |||| 00| 0 por d | ||
| 040 |
_aBR-BrBNA _bpor _cBiblioteca Nacional de Agricultura |
||
| 072 | _aA50; F00; L00 | ||
| 090 | _a1410 BR7704441 | ||
| 110 | 1 |
_aUnidade de Execucao de Pesquisa de Ambito Estadual de Penedo, AL (Brasil) _910371 |
|
| 245 | 1 | _aRelatorio trimestral 1977, 3. trimestre [Unidade de Execucao de Pesquisa de Ambito Estadual de Penedo, Alagoas, Brasil] | |
| 260 | 3 |
_aPenedo, AL (Brasil): _c1977. |
|
| 300 | _a25 p. | ||
| 490 |
_aRelatorio Trimestral - Unidade de Execucao de Pesquisa de Ambito Estadual de Penedo (Brazil) _v _x |
||
| 650 | _aPROJETO DE PESQUISA | ||
| 650 | _aFEIJAO | ||
| 650 | _aMILHO | ||
| 650 | _aFUMO | ||
| 650 | _aMANDIOCA | ||
| 650 | _aALGODAO | ||
| 650 | _aARROZ | ||
| 650 | _aGADO LEITEIRO | ||
| 650 | _aINSTITUICAO DE PESQUISA | ||
| 650 | _aPENEDO | ||
| 650 | _aALAGOAS | ||
| 909 |
_a202312 _bLúcia Elande _c55 _dLúcia Elande |
||
| 942 |
_2AGRIS _n0 _cMS |
||
| 999 |
_c267528 _d267528 |
||